| 000 | 01292nam a22002657a 4500 | ||
|---|---|---|---|
| 999 |
_c6634 _d6634 |
||
| 003 | OSt | ||
| 005 | 20200317122726.0 | ||
| 008 | 200303s2010 ck ao||gr|||| 00| 0 spa d | ||
| 020 | _a9789589968222 | ||
| 040 |
_aCO-JMCR _cCO-JMCR |
||
| 041 | 0 | _aspa | |
| 082 | 0 | 4 |
_a770.98918 / _bR459a |
| 100 | 1 |
_aReyna, María Soledad, _eeditora _91105 |
|
| 245 | 1 | 0 |
_aAmbalema / _cdirección y edición María Soledad Reyna ; textos, Alberto Escovar Wilson-White y Antonio Castañeda Buraglia ; fotografía, Antonio Castañeda Buraglia |
| 260 |
_aBogotá : _bLetrarte Editores, _cimpresión 2010 |
||
| 300 |
_a[96] páginas : _bprincipalmente fotografías a color ; _c25 cm. |
||
| 490 | 0 | _aPueblos | |
| 500 | _aIncluye datos biográficos de los autores. | ||
| 520 | _aLa colección Pueblos, de Letrarte, es una invitación a recorrer el territorio colombiano con mirada sensible, serena y escrutadora, que descubra los pliegues íntimos del cuerpo y el alma de la patria, en 32 libros con imágenes representativas de los 32 departamentos. | ||
| 650 | 1 | 4 |
_aCiudades y pueblos _xfotografías _zColombia _91115 |
| 650 | 1 | 4 |
_aFotografías _zAmbalema _91116 |
| 700 | 1 |
_aWilson-White, Alberto Escovar, _d _eautor _91117 |
|
| 700 | 1 |
_aCastañeda Buraglia, Antonio, _efotógrafo _91110 |
|
| 942 |
_2ddc _cBK |
||